000 00793nam a22002177a 4500
999 _c7998
_d7998
003 AR-CdUCM
008 190322b ||||| |||| 00| 0 spa d
040 _aMUNICIPALIDAD PROVINCIAL DEL CUSCO
_cBIBLIOTECA MUNICIPAL DEL CUSCO
082 _a671.521 /
_bN55
100 _aNiese, Hans
_921129
245 _aSoldadura eléctrica /
260 _aMéxico :
_bRabasa,
_c1964.
300 _a163 paginas ;
_c18 cm.
440 _aTecnología
_n6
_921643
505 _aContenido : I : Clasificación de los métodos de soldadura -- II : Soldadura eléctrica por resistencia -- III : Soldadura por arco -- IV : Máquinas y dispositivos para la soldadura por arco ...
650 _aSoldadura
_922594
650 _aTecnología
_91571
650 _aCinecia
_922595
942 _2ddc
_cLIBROS
945 _arah